[Event "Mecklenburg VP LL2 Ost 2223"]
[Site "Mecklenburg VP"]
[Date "2023.04.23"]
[Round "8.2"]
[White "Lassan, Christian"]
[Black "Simcaks, Sergejs"]
[Result "1-0"]
[WhiteElo "2136"]
[BlackElo "1895"]
[PlyCount "101"]
[EventDate "2022.10.23"]
[EventType "team-tourn"]
[EventRounds "9"]
[EventCountry "GER"]
[SourceTitle "EXT 2024"]
[Source "ChessBase"]
[SourceDate "2023.10.10"]
[SourceVersion "1"]
[SourceVersionDate "2023.10.10"]
[SourceQuality "1"]
[WhiteTeam "Waren"]
[BlackTeam "Graal Mueritz II"]
[WhiteTeamCountry "GER"]
[BlackTeamCountry "GER"]

1. e4 Nf6 2. e5 Nd5 3. Nc3 Nxc3 4. dxc3 d6 5. exd6 cxd6 6. Be3 Nc6 7. Qd2 Qa5 8. Nf3 Bd7 9. Be2 e6 10. h4 d5 11. Nd4 Be7 12. Nb3 Qc7 13. 0-0-0 Na5 14. Nxa5 Qxa5 15. Kb1 Bb5 16. h5 Qa6 17. Bf3 Rc8 18. h6 g6 19. Qd4 f6 20. Qxa7 Kf7 21. Qxa6 bxa6 22. Rhe1 Rc6 23. Bd4 Rb8 24. b3 a5 25. c4 Bxc4 26. Ka1 Ba6 27. c4 Rcc8 28. cxd5 e5 29. Bb2 Bd6 30. Rc1 Bd3 31. Rc6 Rxc6 32. dxc6 e4 33. Bxe4 Bxe4 34. Rxe4 Rb6 35. Rc4 Bc7 36. Bc3 Rb5 37. Rd4 Ke6 38. Rd7 Bb6 39. Rxh7 Rc5 40. Bd4 Rxc6 41. Bxb6 Rxb6 42. Rg7 Rd6 43. h7 Rd1+ 44. Kb2 Rh1 45. Ka3 g5 46. Ka4 g4 47. Kxa5 f5 48. b4 Ke5 49. b5 Kd4 50. b6 Kc3 51. b7 1-0

[Event "Mecklenburg VP LL2 Ost 2223"]
[Site "Mecklenburg VP"]
[Date "2022.11.06"]
[Round "2.1"]
[White "Simcaks, Sergejs"]
[Black "Alder, Bodo"]
[Result "1/2-1/2"]
[WhiteElo "1895"]
[BlackElo "2002"]
[PlyCount "84"]
[EventDate "2022.10.23"]
[EventType "team-tourn"]
[EventRounds "9"]
[EventCountry "GER"]
[SourceTitle "EXT 2024"]
[Source "ChessBase"]
[SourceDate "2023.10.10"]
[SourceVersion "1"]
[SourceVersionDate "2023.10.10"]
[SourceQuality "1"]
[WhiteTeam "Graal Mueritz II"]
[BlackTeam "Binz Therme Ruegen"]
[WhiteTeamCountry "GER"]
[BlackTeamCountry "GER"]

1. e4 c5 2. Nf3 d6 3. d4 cxd4 4. Nxd4 Nf6 5. Nc3 a6 6. Bc4 e6 7. 0-0 Qc7 8. Bb3 Be7 9. Be3 Nc6 10. f4 0-0 11. a4 Na5 12. f5 Nxb3 13. Nxb3 Bd7 14. a5 Rac8 15. Bb6 Qc4 16. fxe6 fxe6 17. Nd4 Bd8 18. Bxd8 Rcxd8 19. Ra3 Ng4 20. Rf3 e5 21. Nf5 Qc5+ 22. Kh1 Nf2+ 23. Rxf2 Qxf2 24. Nd5 Bxf5 25. exf5 e4 26. Ne3 Kh8 27. c4 Qf4 28. h3 Rde8 29. Qd4 Qe5 30. Qd2 Qf4 31. Qd4 Qe5 32. Qd2 Qf4 33. Qd5 Qe5 34. Rb3 Qg3 35. Rc3 h5 36. Qd4 Rf6 37. b4 Re5 38. Qd2 Qg5 39. Qe2 Qh4 40. Kh2 Qf4+ 41. Kg1 Qh4 42. b5 Kh7 1/2-1/2

[Event "Mecklenburg VP LL2 Ost 2223"]
[Site "Mecklenburg VP"]
[Date "2022.10.23"]
[Round "1.2"]
[White "Kohn, Thomas2222"]
[Black "Simcaks, Sergejs"]
[Result "1-0"]
[WhiteElo "1964"]
[BlackElo "1895"]
[PlyCount "63"]
[EventDate "2022.10.23"]
[EventType "team-tourn"]
[EventRounds "9"]
[EventCountry "GER"]
[SourceTitle "EXT 2024"]
[Source "ChessBase"]
[SourceDate "2023.10.10"]
[SourceVersion "1"]
[SourceVersionDate "2023.10.10"]
[SourceQuality "1"]
[WhiteTeam "Stralsund HSG II"]
[BlackTeam "Graal Mueritz II"]
[WhiteTeamCountry "GER"]
[BlackTeamCountry "GER"]

1. Nf3 c5 2. e4 d6 3. d4 cxd4 4. Nxd4 Nf6 5. Nc3 g6 6. Be3 Bg7 7. Bc4 Ng4 8. Bb5+ Kf8 9. 0-0 Be5 10. Nf3 Nxe3 11. fxe3 Nd7 12. Qd2 Kg7 13. Rad1 Qa5 14. Nd4 Nf6 15. Qd3 Rf8 16. Bc4 Bg4 17. Rd2 Rac8 18. Rdf2 e6 19. h3 h5 20. hxg4 hxg4 21. g3 Nh5 22. Bxe6 Nxg3 23. Rxf7+ Rxf7 24. Rxf7+ Kh6 25. Bxc8 Qd8 26. Rf2 Qxc8 27. Nce2 Nh5 28. Nf4 g3 29. Rg2 Qg4 30. Qe2 Qh4 31. Nxh5 gxh5 32. Nf5+ 1-0

[Event "Oberliga Nord O 1920"]
[Site "Germany"]
[Date "2020.03.01"]
[Round "7.5"]
[White "Simcaks, Sergejs"]
[Black "Niehaus, Frank"]
[Result "1/2-1/2"]
[WhiteElo "1838"]
[BlackElo "2101"]
[PlyCount "72"]
[EventDate "2019.09.29"]
[EventType "team-tourn"]
[EventRounds "9"]
[EventCountry "GER"]
[SourceTitle "CBM 195 Extra"]
[Source "ChessBase"]
[SourceDate "2020.05.31"]
[SourceVersion "1"]
[SourceVersionDate "2020.05.31"]
[SourceQuality "1"]

1. e4 c5 2. Nf3 d6 3. d4 cxd4 4. Nxd4 Nf6 5. Nc3 g6 6. f4 Bg7 7. e5 Nh5 8. Bb5+ Bd7 9. exd6 0-0 10. Bxd7 Nxd7 11. dxe7 Qxe7+ 12. Kf2 Rfe8 13. Nce2 Rad8 14. c3 Ndf6 15. Rf1 Ng4+ 16. Kg1 Bxd4+ 17. Nxd4 Qh4 18. h3 Ngf6 19. Qf3 Ng3 20. Rd1 Nfe4 21. Be3 Qe7 22. Re1 Qd7 23. f5 Nxf5 24. Nxf5 Qxf5 25. Qxf5 gxf5 26. Bxa7 Rd2 27. b3 Ra8 28. Bd4 Raxa2 29. Rxa2 Rxa2 30. g4 f6 31. gxf5 Ng5 32. Re8+ Kf7 33. Rb8 Nf3+ 34. Kf1 Rd2 35. Rxb7+ Kf8 36. Bxf6 Nh2+ 1/2-1/2

[Event "Mecklenburg VP VL1819"]
[Site "Mecklenburg VP"]
[Date "2018.10.21"]
[Round "1.5"]
[White "Simcaks, Sergejs"]
[Black "Schmidt, Reinhard"]
[Result "0-1"]
[WhiteElo "1867"]
[BlackElo "1777"]
[PlyCount "126"]
[EventDate "2018.10.21"]
[EventType "team-tourn"]
[EventRounds "9"]
[EventCountry "GER"]
[SourceTitle "EXT 2022"]
[Source "ChessBase"]
[SourceDate "2021.10.06"]
[SourceVersion "1"]
[SourceVersionDate "2021.10.06"]
[SourceQuality "1"]
[WhiteTeam "Graal Mueritz"]
[BlackTeam "Warnemuende SF Ostsee"]
[WhiteTeamCountry "GER"]
[BlackTeamCountry "GER"]

1. e4 d5 2. Nf3 dxe4 3. Ng5 Nf6 4. Nc3 Bg4 5. Be2 Bf5 6. f3 exf3 7. Nxf3 c6 8. d4 e6 9. 0-0 Bd6 10. Bd3 Bg6 11. Bg5 Nbd7 12. Kh1 Qc7 13. Ne2 Bxd3 14. Qxd3 h6 15. Bh4 g5 16. Bg3 Bxg3 17. Nxg3 0-0-0 18. Qa3 Nd5 19. Qxa7 Nf4 20. Rae1 f6 21. a4 h5 22. a5 Qb8 23. Qxb8+ Kxb8 24. Ne4 Rdf8 25. Nd6 Kc7 26. g3 Kxd6 27. gxf4 gxf4 28. Nh4 Ra8 29. Ng6 Rhg8 30. Nxf4 e5 31. dxe5+ fxe5 32. Rd1+ Ke7 33. Nxh5 Rh8 34. Ng3 Rxa5 35. b3 Rd5 36. Kg2 Nc5 37. Nf5+ Kd7 38. Ne3 Rxd1 39. Rxd1+ Ke7 40. b4 Ne6 41. Nf5+ Kf6 42. Nd6 Nf4+ 43. Kg1 Rg8+ 44. Kf1 Rg2 45. Nxb7 Rxc2 46. h4 Nd5 47. Re1 Rh2 48. Re4 Rb2 49. Nc5 Rxb4 50. Rxb4 Nxb4 51. Ke2 Kf5 52. h5 Nd5 53. Nd7 Nf4+ 54. Ke3 Nxh5 55. Nc5 Nf6 56. Nb3 Nd5+ 57. Kd3 Kf4 58. Nd2 Nb6 59. Ne4 Nd7 60. Nd6 Nf6 61. Nc4 c5 62. Nd2 e4+ 63. Kc4 e3 0-1

[Event "Mecklenburg VP LL2 Ost 1718"]
[Site "Mecklenburg VP"]
[Date "2018.03.18"]
[Round "7.3"]
[White "Wiese, Frank"]
[Black "Simcaks, Sergejs"]
[Result "0-1"]
[WhiteElo "1903"]
[BlackElo "1832"]
[PlyCount "122"]
[EventDate "2017.10.08"]
[EventType "team-tourn"]
[EventRounds "9"]
[EventCountry "GER"]
[SourceTitle "EXT 2022"]
[Source "ChessBase"]
[SourceDate "2021.10.06"]
[SourceVersion "1"]
[SourceVersionDate "2021.10.06"]
[SourceQuality "1"]
[WhiteTeam "Waterkant Saal SV"]
[BlackTeam "Graal Mueritz"]
[WhiteTeamCountry "GER"]
[BlackTeamCountry "GER"]

1. b3 Nf6 2. Bb2 g6 3. Bxf6 exf6 4. c4 Bg7 5. Nc3 f5 6. g3 0-0 7. Bg2 c6 8. e3 Na6 9. Nge2 d5 10. cxd5 cxd5 11. d4 Nc7 12. 0-0 Be6 13. b4 Ne8 14. Qb3 Nf6 15. Nf4 g5 16. Nxe6 fxe6 17. a4 Ne8 18. a5 Nd6 19. Ra2 f4 20. Bf3 Nc4 21. Ne2 fxe3 22. fxe3 Qd6 23. Kg2 Bh6 24. g4 Rf7 25. Ng3 Bf8 26. Rb1 Be7 27. Be2 Rc8 28. e4 Qc7 29. e5 Rf4 30. Qd3 Rcf8 31. Bd1 Bd8 32. Re2 Qf7 33. Re1 Rf2+ 34. Kh3 Rd2 35. Qf1 Qxf1+ 36. Rxf1 Rxf1 37. Nxf1 Rxd4 38. Ba4 Nxe5 39. Re1 Bc7 40. Rc1 Bd6 41. Rc8+ Kg7 42. Ng3 Rxg4 43. Nh5+ Kf7 44. Be8+ Ke7 45. b5 Rg1 46. Ng3 Ra1 47. Bh5 Ng6 48. Bxg6 hxg6 49. Rh8 Bxg3 50. Kxg3 Rxa5 51. Rh7+ Kf6 52. Rxb7 e5 53. Kg4 Ra4+ 54. Kg3 e4 55. Kg4 d4 56. b6 d3 57. bxa7 e3+ 58. Kf3 e2 59. Rb6+ Kg7 60. Rb7+ Kh6 61. Re7 Rxa7 0-1

[Event "Mecklenburg VP LL2 Ost 1718"]
[Site "Mecklenburg VP"]
[Date "2018.01.21"]
[Round "5.3"]
[White "Simcaks, Sergejs"]
[Black "Horch, Helmut"]
[Result "1-0"]
[WhiteElo "1832"]
[BlackElo "1733"]
[PlyCount "46"]
[EventDate "2017.10.08"]
[EventType "team-tourn"]
[EventRounds "9"]
[EventCountry "GER"]
[SourceTitle "EXT 2022"]
[Source "ChessBase"]
[SourceDate "2021.10.06"]
[SourceVersion "1"]
[SourceVersionDate "2021.10.06"]
[SourceQuality "1"]
[WhiteTeam "Graal Mueritz"]
[BlackTeam "Binz Therme Ruegen"]
[WhiteTeamCountry "GER"]
[BlackTeamCountry "GER"]

1. e4 e6 2. d4 d5 3. Nc3 dxe4 4. Nxe4 Nd7 5. Bd3 Ngf6 6. Ne2 Nxe4 7. Bxe4 Nf6 8. Bf3 Be7 9. 0-0 0-0 10. Bd2 Rb8 11. c4 b6 12. Qa4 a5 13. Qb3 Ba6 14. Rfd1 Qc8 15. Rac1 Bb7 16. d5 e5 17. Ng3 Bd6 18. Qc2 h6 19. a3 Qd7 20. b4 axb4 21. axb4 Ra8 22. c5 Bxd5 23. cxd6 cxd6 1-0